Termination at will clauses (Record no. 73539)

MARC details
000 -LEADER
fixed length control field 01016cam a2200205 4500
001 - CONTROL NUMBER
control field ABS67032
008 - FIXED-LENGTH DATA ELEMENTS--GENERAL INFORMATION
fixed length control field 031002n2003 000 0 eng u
035 ## - SYSTEM CONTROL NUMBER
System control number (Sirsi) u123822
100 ## - MAIN ENTRY--PERSONAL NAME
Personal name Brewer, G.
245 ## - TITLE STATEMENT
Title Termination at will clauses
260 ## - PUBLICATION, DISTRIBUTION, ETC.
Date of publication, distribution, etc. 2003
490 ## - SERIES STATEMENT
Series statement Contract Journal
Volume/sequential designation 420(6442) 3 September 2003, 22(1)
520 ## - SUMMARY, ETC.
Summary, etc. Discusses "Hadley Design Associates v Westminster LBC" ([2003] EWHC 1617 (TCC), Abs67031) which illustrates the operation of termination at will clauses. Such clauses are usually upheld by the courts with the effect that a contract may be brought to an end by one party without default on the part of the other party, provided that the requirements of the clause are strictly followed, such as the giving of appropriate notice.
590 ## - LOCAL NOTE (RLIN)
Local note ABS
650 ## - SUBJECT ADDED ENTRY--TOPICAL TERM
Topical term or geographic name entry element UNFAIR CONTRACT TERMS ACT 1977
650 ## - SUBJECT ADDED ENTRY--TOPICAL TERM
Topical term or geographic name entry element TERMINATION CLAUSES
650 ## - SUBJECT ADDED ENTRY--TOPICAL TERM
Topical term or geographic name entry element HADLEY DESIGN ASSOCIATES LTD V WESTMINSTER CITY COUNCIL
690 ## - LOCAL SUBJECT ADDED ENTRY--TOPICAL TERM (OCLC, RLIN)
Topical term or geographic name as entry element BUILT ENVIRONMENT-BUILDING CONTRACT FORMS
942 ## - ADDED ENTRY ELEMENTS (KOHA)
Suppress in OPAC 0
Holdings
Withdrawn status Lost status Source of classification or shelving scheme Damaged status Not for loan Home library Current library Shelving location Date acquired Total Checkouts Full call number Barcode Date last seen Copy number Price effective from Koha item type
    Dewey Decimal Classification     London London Journal article 02/10/2003   ABS67032 123822-1001 06/08/2019 1 06/08/2019 Law report